01602cam a22003131 4500001001300000003000400013005001700017008004100034010001700075035002000092040004600112042001200158050002500170082001300195110004100208245034000249260004800589300002100637490007700658500012300735500008700858504004100945650004700986650004701033710004701080700002101127700002801148810011201176e 42000250 DLC20260227111231.0850821s1942 dcu bl f000 0 eng c ae 42000250  a(OCoLC)12409639 aU.S. Off. of Educ. LibrarycCLUdCLUdDLC apremarc00aLC1045b.A25 no. 220 a331.09731 aUnited States.bOffice of Education.14aThe worker, his job, and his government;ban introduction to federal labor laws,cprepared jointly by U.S. Office of Education, Federal Security Agency and Division of Labor Standards, United States Department of Labor. Federal Security Agency, Paul V. McNutt, administrator. U.S. Office of Education, John W. Studebaker, commissioner. aWashington,bU.S. Govt. Print. Off.,c1942. ax, 63 p.c23 cm.1 aIts Vocational division bulletinvno. 220. Defense training series no. 1 a"Prepared by Agnes Martocci ... in collaboration with Jean Flexner, Mary Dahl, Val Lorwin, and Marian Mel."--Foreword. aBound with Vocational Division bulletin no. 221-no. 228 subsequent to publication. aBibliography at end of each chapter. 0aLabor laws and legislationzUnited States. 0aLabor and laboring classeszUnited States.1 aUnited States.bBureau of Labor Standards.1 aMartocci, Agnes.1 aFlexner, Jean Atherton.1 aUnited States.bOffice of Education.tVocational division bulletinvno. 220. Defense training series no. 1.